| 000 | 00485nam a2200205Ia 4500 | ||
|---|---|---|---|
| 003 | OSt | ||
| 005 | 20260224154903.0 | ||
| 008 | 250729s2005 xx 000 0 und d | ||
| 020 | _a978-8183896153 | ||
| 040 | _cAL | ||
| 041 | _aeng | ||
| 082 | _a423 AGGE | ||
| 100 |
_aAggarwala,N.K _9229722 |
||
| 245 | _aEnglish grammar and composition | ||
| 260 |
_aNew Delhi _c2005 |
||
| 300 | _a104p | ||
| 650 |
_aEnglish _9229723 |
||
| 700 |
_aRao Digumurthi _9229724 |
||
| 942 |
_2ddc _cBED |
||
| 999 |
_c238427 _d238427 |
||